Game of Thrones - Who Killed Who - Statistics

General Stats
  • This quiz has been taken 682 times
  • The average score is 10 of 15
Answer Stats
Hint Answer % Correct
Tywin Lannister Tyrion Lannister
98%
Oberyn Martell The Mountain
92%
Stannis Baratheon Brienne of Tarth
86%
Viserys Targaryen Khal Drogo
86%
Lysa Arryn Petyr Baelish
85%
Mance Rayder Jon Snow
84%
Robb Stark Roose Bolton
79%
Ned Stark Ilyn Payne
69%
Myranda Theon Greyjoy
53%
Khal Drogo Daenerys Targaryen
51%
Syrio Forel Meryn Trant
51%
Doran Martell Ellaria Sand
47%
Pyp Ygritte
39%
The Lord of Bones Tormund
38%
Kraznys mo Nakloz Drogon
35%
No matching quizzes found
Score Distribution
Percent of People with Each Score
Percentile by Number Answered
Your Score History
You have not taken this quiz